Rapid instructional design : learning ID fast and right
Αποθηκεύτηκε σε:
| Κύριος συγγραφέας: | |
|---|---|
| Μορφή: | Βιβλίο |
| Γλώσσα: | English |
| Δημοσίευση: |
San Francisco, CA :
Pfeiffer,
c2006
|
| Έκδοση: | 2nd ed. |
| Σειρά: | Pfeiffer essential resources for training and HR professionals
|
| Θέματα: | |
| Ετικέτες: |
Προσθήκη ετικέτας
Δεν υπάρχουν, Καταχωρήστε ετικέτα πρώτοι!
|
MARC
| LEADER | 00000nam a2200000 i 4500 | ||
|---|---|---|---|
| 001 | 1/54973 | ||
| 008 | 070917s2006 eng d | ||
| 020 | |a 978-0-7879-8073-3 (pbk.) | ||
| 020 | |a 0-7879-8073-0 (pbk.) | ||
| 035 | |l 10090730 | ||
| 040 | |a GR-MY-UA |b gre |e aacr | ||
| 041 | 0 | |a eng | |
| 082 | 0 | |a 371.33 |2 (22) | |
| 100 | 1 | |a Piskurich, George M. | |
| 245 | 1 | 0 | |a Rapid instructional design : |b learning ID fast and right / |c George M. Piskurich |
| 250 | |a 2nd ed. | ||
| 260 | |a San Francisco, CA : |b Pfeiffer, |c c2006 | ||
| 300 | |a xix, 484 σ.; |c 24 εκ. | ||
| 490 | 1 | |a Pfeiffer essential resources for training and HR professionals | |
| 504 | |a Περιλαμβάνει βιβλιογραφικές αναφορές και ευρετήριο | ||
| 650 | 0 | 0 | |a Instructional systems |x Design. |
| 650 | 0 | 0 | |a Training. |
| 830 | 0 | |a Pfeiffer essential resources for training and HR professionals | |
| 852 | |a INST |b LESVOS |e 20070917 |h 371.33 PIS |p 005100039094 |q 005100039094 |t BK |y 0 | ||
| 901 | |a BIBL1-2007-3 | ||
| 909 | |a Λ |b 138364 | ||
| 922 | |a 1ΕΛΗ |b 200707 |c ΕΠΕΑΕΚ2/ΠΤΕ |d ΠΑΠΑΣΩΤΗΡΙΟΥ | ||
| 970 | |a ΒΑΡΚΑ |b ΕΛΕΥΘΕΡΙΑ |z 2007/09/17 | ||